Taylor Swift - Chansons avec le plus de succès - Statistiques

Statistiques générales
  • Ce quiz a été pris 577 fois
  • Le résultat moyen est 27 sur 50
Statistiques - réponses
Hint Réponse % Correct
1 Shake It Off
95%
4 Blank Space
91%
6 Cruel Summer
90%
28 Lover
89%
5 Love Story
87%
29 Cardigan
85%
3 You Belong With Me
85%
2 Anti-Hero
82%
13 Look What You Made Me Do
82%
32 All Too Well
78%
12 Style
78%
9 Bad Blood ft. Kendrick Lamar
77%
8 We Are Never Ever Getting Back Together
77%
31 22
76%
47 Fearless
74%
15 Karma ft. Ice Spice
73%
19 ME! ft. Brendon Urie
73%
7 I Knew You Were Trouble
72%
36 Ours
71%
37 Red
70%
17 Our Song
68%
30 ...Ready for It?
68%
11 Wildest Dreams
67%
24 Willow
67%
18 You Need to Calm Down
66%
21 Delicate
63%
20 Lavender Haze
61%
42 Bejeweled
54%
14 Mine
50%
40 Tim McGraw
50%
35 Mean
48%
39 Midnight Rain
44%
22 Back to December
43%
44 Picture to Burn
43%
10 I Don't Wanna Live Forever ft. Zayn
39%
48 Maroon
37%
16 Teardrops on my Guitar
33%
33 Fifteen
31%
49 Snow On The Beach
31%
46 Sparks Fly
28%
27 White Horse
27%
23 Is It Over Now?
26%
43 Should've Said No
24%
41 Everything Has Changed
16%
50 Now That We Don't Talk
16%
45 Begin Again
13%
38 Eyes Open
4%
26 Today Was a Fairytale
3%
34 Highway Don't Care ft. Tim McGraw
2%
25 Two is Better Than One ft. Boys Like Girls
1%
Aucun quiz correspondant
Distribution des résultats
% des personnes avec chaque résultat
Percentile par nombre de réponses
Votre historique - résultats
Vous n’avez pas pris ce quiz